Unternehmensbewertung in Osteuropa Methoden und Fallstudien

Salvato in:
Dettagli Bibliografici
Autore principale: Aigner, Helmut
Altri autori: Barisitz, Stephan, Fink, Gerhard
Natura: Libro
Lingua:tedesco
Pubblicazione: Wiesbaden Gabler 1993
Edizione:1. Aufl.
Soggetti:
Tags: Aggiungi Tag
Nessun Tag, puoi essere il primo ad aggiungerne!!

MARC

LEADER 00000nam a2200000 4500
001 c006213
005 20221214083111.3
020 |a 3-409-13472-7 
041 0 |a ger 
044 |a DE 
245 1 0 |a Unternehmensbewertung in Osteuropa  |b Methoden und Fallstudien  |c Helmut Aigner, Stephan Barisitz, Gerhard Fink 
250 |a 1. Aufl. 
264 1 |a Wiesbaden  |b Gabler  |c 1993 
300 |a 161 s. 
610 2 0 |a podnik 
610 2 0 |a východná Európa 
610 2 0 |a oceňovanie ekonomické 
610 2 0 |a bilancie 
610 2 0 |a analýza trhu 
100 1 |a Aigner, Helmut 
700 1 |a Barisitz, Stephan 
700 1 |a Fink, Gerhard